Cartilla de seguridad social y pensiones (Record no. 6729)

MARC details
000 -LEADER
campo de control de longitud fija 00332nam a2200121Ia 4500
008 - DATOS DE LONGITUD FIJA--INFORMACIÓN GENERAL
campo de control de longitud fija 231129s2002||||xx |||||||||||||| ||spa||
040 ## - FUENTE DE CATALOGACIÓN
Lengua de catalogación spa
082 ## - NÚMERO DE LA CLASIFICACIÓN DECIMAL DEWEY
Número de clasificación (EN PROCESO DE DESCARTE) 344.021861 C327 2002
245 #0 - MENCIÓN DEL TÍTULO
Título Cartilla de seguridad social y pensiones
260 ## - PUBLICACIÓN, DISTRIBUCIÓN, ETC.
Fecha de publicación, distribución, etc. 2002
264 ## - PRODUCCIÓN, PUBLICACIÓN, DISTRIBUCIÓN, FABRICACIÓN Y COPYRIGHT
Producción, publicación, distribución, fabricación y copyright Bogotá(Colombia): Legis
942 ## - ELEMENTOS DE ENTRADA SECUNDARIOS (KOHA)
Fuente del sistema de clasificación o colocación Clasificación Decimal Dewey
Tipo de ítem Koha
Holdings
Estatus retirado Estado de pérdida Fuente del sistema de clasificación o colocación Estado de daño No para préstamo Biblioteca de origen Biblioteca actual Fecha de adquisición Total de préstamos Signatura topográfica completa Código de barras Visto por última vez Copia número Precio de reemplazo Tipo de ítem Koha
    Clasificación Decimal Dewey     BIBLIOTECA PÚBLICA MUNICIPAL RAMON CORREA MEJIA BIBLIOTECA PÚBLICA MUNICIPAL RAMON CORREA MEJIA 09/07/2009   (EN PROCESO DE DESCARTE) 344.021861 C327 2002 9795 29/11/2023 1 29/11/2023 Libros

Powered by Koha